| 000 | 00911nam a22002297a 4500 | ||
|---|---|---|---|
| 999 |
_c17012 _d17012 |
||
| 003 | AR-CdUCM | ||
| 008 | 190507b ||||| |||| 00| 0 spa d | ||
| 040 |
_aMUNICIPALIDAD PROVINCIAL DEL CUSCO _cBIBLIOTECA MUNICIPAL DEL CUSCO |
||
| 082 |
_a312 / _bD68 |
||
| 100 |
_aDiaz Suarez, Placido _936822 |
||
| 245 |
_aDemografía, sociedad y educación : _bantología / |
||
| 260 |
_aLima : _bRetablo de papel, _c1977. |
||
| 300 |
_a238 páginas ; _btablas, cuadros, mapas, _c22 cm. |
||
| 505 | _aContenido: Situación demográfica del Perú en el año 2000 -- Visión integral del problema demográfico -- Población y educación. | ||
| 650 |
_aDemografía _91556 |
||
| 650 |
_aPerú _935 |
||
| 650 |
_aGeografía _9318 |
||
| 700 |
_aRuiz Durand, Jesús (diseño) _936823 |
||
| 710 |
_aInstituto Nacional de Investigación y Desarrollo de la Educación. _936824 |
||
| 942 |
_2ddc _cLIBROS |
||
| 945 |
_aachl _d2019-05-07 |
||